000 01592cam a2200337 a 4500
001 32319
003 BD-RjUL
005 20211209051821.0
008 140426s1995 nyu i000 0 eng
020 _a9211422167
035 _a(BD-RjUL)32408
040 _aDLC
_cDLC
_dDLC
_beng
041 _aeng
082 0 4 _a327.174
_bDID 1995
111 2 _aDisarmament Week Symposium
_d(1994 :
_cUnited Nations)
_998320
245 1 0 _aDisarmament :
_bending reliance on nuclear and conventional arms /
246 3 0 _aEnding reliance on nuclear and conventional arms
260 _aNew York :
_bUnited Nations,
_cc1995.
300 _av, 155 p. ;
_c28 cm.
500 _a"Edited transcripts of the Disarmament Week Symposium held from 25 to 27 October 1994 at the United Nations, sponsored by the United Nations Centre for Disarmament Affairs, the United Nations Department of Public Information, and the NGO Committee on Disarmament, and of the panel discussion on the land mines crisis, sponsored by the NGO Committee on Disarmament and held on 16 November 1994 at the United Nations."
500 _aAt head of title: United Nations Centre for Disarmament Affairs.
500 _a"United Nations publication sales no. E.95.IX.4"--T.p. verso.
650 0 _aNuclear disarmament.
_998321
650 0 _aArms control.
_998322
710 2 _aUnited Nations.
_bCentre for Disarmament Affairs.
_998323
710 2 _aUnited Nations.
_bDepartment of Public Information.
_914034
710 2 _aNGO Committee on Disarmament.
_998324
942 _2ddc
_cBK
999 _c32319
_d32319